000 01374 a2200325 4500
001 25588
020 _a9788576752035
041 _apor
082 _aP Year 4 [Fic]
092 _a2006007119
100 _aSelznick, Brian.
240 1 0 _aThe invention of Hugo Cabret
250 _a. ed.
520 _aEm 1931, o menino órfão Hugo Cabret vive escondido em uma estação de trem de Paris. Ali, cuida do funcionamento de gigantescos relógios no lugar do tio que desapareceu. À noite, tenta consertar uma máquina de aparência humana para desvendar uma mensagem oculta, usando peças de brinquedos que ele furta. Seus planos, porém, correm risco. Ele é descoberto pelo dono da loja de brinquedos da estação e pela curiosa Isabelle.
697 _aFrance - History - Fiction.
697 _aOrphans - Fiction.
697 _aRailroad stations - Fiction.
697 _aHistorical fiction.
697 _aMéliès, Georges, 1861-1938 - Fiction.
697 _aParis (France) - History - Fiction.
697 _aRobots - Fiction.
856 _u00002c/00002c80.jpg
040 _aBR-BrIDEA
_cBR-BrIDEA
090 _aP Year 4 [Fic]
_bSEL
245 1 0 _aA invenção de Hugo Cabret
_cBrian Selznick ; tradução de Marcos Bagno
260 _aSão Paulo
_bSM
_c2007
300 _a[534] p.
_e20.8 x 13.6 x 3 cm
700 _aBagno, Marcos
_etradutor
942 _cBK
999 _c25588
_d25588